00384cam a22001097a 4500008004000000020001800040100004800058245011700106250000800223260003300231300001000264180718b2013 xxu||||| |||| 00| 0 eng d a9780199553778 aHoekman, Bernard M. and Kostecki, Michel M. aPolitical economy of the world trading system : the WTO and beyondcby Bernard M. Hoekman and Michel M. Kostecki a3rd aUKbOxford Univ, Pressc2013 a740p.